Ökonomie und Ökologie Ansätze zu einer ökologisch verpflichteten Marktwirtschaft
Salvato in:
| Altri autori: | , |
|---|---|
| Natura: | Libro |
| Lingua: | tedesco |
| Pubblicazione: |
Stuttgart
Schäffer-Poeschel
1992
|
| Edizione: | 1. Aufl. |
| Soggetti: | |
| Tags: |
Nessun Tag, puoi essere il primo ad aggiungerne!!
|
MARC
| LEADER | 00000nam a2200000 4500 | ||
|---|---|---|---|
| 001 | c002798 | ||
| 005 | 20221221080714.7 | ||
| 020 | |a 3-7910-06223 | ||
| 041 | 0 | |a ger | |
| 044 | |a DE | ||
| 245 | 1 | 0 | |a Ökonomie und Ökologie |b Ansätze zu einer ökologisch verpflichteten Marktwirtschaft |c Red. Michael von Hauff, Uwe Schmid |
| 250 | |a 1. Aufl. | ||
| 264 | 1 | |a Stuttgart |b Schäffer-Poeschel |c 1992 | |
| 300 | |a 311 s. | ||
| 610 | 2 | 0 | |a ekológia |
| 610 | 2 | 0 | |a ochrana prostredia životného |
| 610 | 2 | 0 | |a koncepcie |
| 610 | 2 | 0 | |a hospodárstvo trhové |
| 610 | 2 | 0 | |a politika hospodárska |
| 610 | 2 | 0 | |a hospodárstvo národné |
| 610 | 2 | 0 | |a veda o podniku |
| 610 | 2 | 0 | |a manažment |
| 610 | 2 | 0 | |a konkurencia |
| 610 | 2 | 0 | |a teórie ekonomické |
| 610 | 2 | 0 | |a Nemecko |
| 610 | 2 | 0 | |a právo |
| 610 | 2 | 0 | |a ekonómia |
| 700 | 1 | |a Hauff, Michael von | |
| 700 | 1 | |a Schmid, Uwe | |